000 00471nam a2200169 a 4500
001 0287
005 20140414131928.0
008 040909s19uu xx 00 eng d
050 _aER
_bSk3 1998
100 _aOdgers, Sally Farrell
245 _aSkippy: the underwater treasure /
_cSally Farrell Odgers.
260 _aAustralia :
_bHodder Children's Books,
_c1998.
300 _a1 v.p. : ill. ; cm.
650 _aChildren stories.
999 _c112137
_d112137